LIBRARY & INFORMATION CENTRE, KCAET, TAVANUR

ONLINE PUBLIC ACCESS CATALOGUE (OPAC)

Surveying and Levelling (Record no. 103)

MARC details
000 -LEADER
fixed length control field 00354cam a2200145ua 4500
003 - CONTROL NUMBER IDENTIFIER
control field OSt
008 - FIXED-LENGTH DATA ELEMENTS--GENERAL INFORMATION
fixed length control field 250423b |||||||| |||| 00| 0 eng d
082 ## - DEWEY DECIMAL CLASSIFICATION NUMBER
Classification number 624.1517
Item number KAN/SU
100 ## - MAIN ENTRY--AUTHOR NAME
Personal name Kanetkar, T P .
245 ## - TITLE STATEMENT
Title Surveying and Levelling
250 ## - EDITION STATEMENT
Edition statement 9 /
260 ## - PUBLICATION, DISTRIBUTION, ETC. (IMPRINT)
Place of publication Poona :
Name of publisher A V Griha Publication ,
Year of publication 2005.
300 ## - PHYSICAL DESCRIPTION
Number of Pages 610 ; .
942 ## - ADDED ENTRY ELEMENTS (KOHA)
Koha item type Books
Holdings
Withdrawn status Lost status Damaged status Home library Current library Date acquired Full call number Accession Number Koha item type
      KAUAET KAUAET 07/04/2012 624.1517 KAN/SU 11417 Books
free website counter